Fiatalok fogyasztási hajlandósága a gyógyteákkal kapcsolatosan

Bibliográfiai részletek
Szerző: Tarján Fanni
További közreműködők: Oravecz Titanilla
Dokumentumtípus: Diplomadolgozat
Kulcsszavak:Gyógytea
Fogyasztói hajlandóság
Magyarország
Fogyasztói magatartás
Online Access:http://dolgozattar.uni-bge.hu/8502

MARC

LEADER 00000nta a2200000 i 4500
001 dolg8502
005 20170622150228.0
008 161209suuuu hu om 000 hun d
040 |a BGE Dolgozattár Repozitórium  |b hun 
041 |a hu 
100 1 |a Tarján Fanni 
245 1 0 |a Fiatalok fogyasztási hajlandósága a gyógyteákkal kapcsolatosan  |c Tarján Fanni  |h [elektronikus dokumentum] 
695 |a Gyógytea 
695 |a Fogyasztói hajlandóság 
695 |a Magyarország 
695 |a Fogyasztói magatartás 
700 1 |a Oravecz Titanilla  |e ths 
856 4 0 |u http://dolgozattar.uni-bge.hu/8502/1/12_07_szakdoga_vegleges.pdf  |z Dokumentum-elérés